[Event "escc2023_50"]
[Site "?"]
[Date "2023.06.01"]
[Round "7.17"]
[White "Minnican, Alan"]
[Black "Folk, Petr"]
[Result "0-1"]
[BlackElo "2135"]
[WhiteElo "2052"]
[LiveChessVersion "1.4.8"]

1. e4 {[%clk 1:30:26]} c5 {[%clk 1:30:49]} 2. c3 {[%clk 1:30:48]} Nf6
{[%clk 1:30:53]} 3. e5 {[%clk 1:31:11]} Nd5 {[%clk 1:31:16]} 4. Nf3
{[%clk 1:31:36]} Nc6 {[%clk 1:31:24]} 5. Bc4 {[%clk 1:31:46]} Nb6
{[%clk 1:31:23]} 6. Bb3 {[%clk 1:31:56]} c4 {[%clk 1:26:13]} 7. Bc2
{[%clk 1:31:50]} d5 {[%clk 1:24:27]} 8. exd6 {[%clk 1:31:50]} e6 {[%clk 1:23:51]}
9. O-O {[%clk 1:24:19]} Bxd6 {[%clk 1:21:06]} 10. d4 {[%clk 1:24:22]} h6
{[%clk 1:14:32]} 11. Nbd2 {[%clk 1:23:38]} Qc7 {[%clk 1:10:37]} 12. Qe2
{[%clk 1:21:56]} Ne7 {[%clk 0:58:39]} 13. Ne5 {[%clk 1:08:54]} Bxe5
{[%clk 0:55:22]} 14. dxe5 {[%clk 1:08:48]} Bd7 {[%clk 0:54:59]} 15. Rd1
{[%clk 0:53:22]} Ng6 {[%clk 0:47:45]} 16. Bxg6 {[%clk 0:40:36]} fxg6
{[%clk 0:47:54]} 17. Ne4 {[%clk 0:39:17]} O-O {[%clk 0:44:15]} 18. Nd6
{[%clk 0:35:34]} Kh7 {[%clk 0:38:04]} 19. Rd4 {[%clk 0:34:18]} Bc6
{[%clk 0:37:21]} 20. Rg4 {[%clk 0:30:25]} Rad8 {[%clk 0:30:06]} 21. Qc2
{[%clk 0:26:37]} Rf5 {[%clk 0:29:30]} 22. Be3 {[%clk 0:20:27]} Bd5
{[%clk 0:21:51]} 23. Bd4 {[%clk 0:19:03]} Rxd6 {[%clk 0:20:16]} 24. exd6
{[%clk 0:19:24]} Qxd6 {[%clk 0:20:40]} 25. Re1 {[%clk 0:18:17]} Nd7
{[%clk 0:20:16]} 26. b3 {[%clk 0:10:26]} b5 {[%clk 0:19:43]} 27. Rd1
{[%clk 0:08:02]} h5 {[%clk 0:17:02]} 28. Rg3 {[%clk 0:07:29]} Nf6
{[%clk 0:15:40]} 29. bxc4 {[%clk 0:06:23]} bxc4 {[%clk 0:15:31]} 30. Bxf6
{[%clk 0:06:23]} gxf6 {[%clk 0:15:32]} 31. Qa4 {[%clk 0:05:40]} a6
{[%clk 0:15:37]} 32. Qxc4 {[%clk 0:05:39]} Qxg3 {[%clk 0:15:24]} 0-1

[Event "escc2023_50"]
[Site "?"]
[Date "2023.06.01"]
[Round "7.18"]
[White "Sielicki, Tomasz"]
[Black "Lasinskas, Povilas"]
[Result "1/2-1/2"]
[BlackElo "2131"]
[WhiteElo "1972"]
[LiveChessVersion "1.4.8"]

1. d4 {[%clk 1:30:53]} Nf6 {[%clk 1:30:53]} 2. Bg5 {[%clk 1:31:09]} c5
{[%clk 1:31:01]} 3. d5 {[%clk 1:30:56]} d6 {[%clk 1:30:41]} 4. Nc3
{[%clk 1:29:49]} e5 {[%clk 1:30:52]} 5. e4 {[%clk 1:29:25]} Be7 {[%clk 1:31:11]}
6. f4 {[%clk 1:25:50]} exf4 {[%clk 1:30:36]} 7. Bxf4 {[%clk 1:25:48]} O-O
{[%clk 1:30:48]} 8. Nf3 {[%clk 1:25:19]} Bg4 {[%clk 1:28:11]} 9. Be2
{[%clk 1:25:30]} Bxf3 {[%clk 1:25:23]} 10. Bxf3 {[%clk 1:24:13]} Nbd7
{[%clk 1:25:40]} 11. O-O {[%clk 1:21:55]} Ne8 {[%clk 1:26:00]} 12. Bg4
{[%clk 1:18:35]} Bf6 {[%clk 1:24:51]} 13. Bxd7 {[%clk 1:17:10]} Qxd7
{[%clk 1:25:18]} 14. Qf3 {[%clk 1:15:54]} Nc7 {[%clk 1:24:08]} 15. Qg3
{[%clk 1:13:19]} Rad8 {[%clk 1:23:48]} 16. Kh1 {[%clk 1:07:28]} Bxc3
{[%clk 1:22:19]} 17. Qxc3 {[%clk 1:04:46]} Rfe8 {[%clk 1:21:34]} 18. Rae1
{[%clk 1:00:23]} Re7 {[%clk 1:17:08]} 19. Qg3 {[%clk 0:59:30]} f6
{[%clk 1:17:25]} 20. c4 {[%clk 0:57:55]} b5 {[%clk 1:16:45]} 21. b3
{[%clk 0:55:04]} bxc4 {[%clk 1:16:44]} 22. bxc4 {[%clk 0:55:29]} Ne8
{[%clk 1:16:57]} 23. h4 {[%clk 0:40:18]} Qa4 {[%clk 1:15:19]} 24. Qb3
{[%clk 0:39:15]} Qa6 {[%clk 1:15:07]} 25. Bd2 {[%clk 0:34:16]} Rb7
{[%clk 1:14:17]} 26. Qc2 {[%clk 0:34:03]} Rdb8 {[%clk 1:14:35]} 27. Rb1
{[%clk 0:25:18]} Rxb1 {[%clk 1:13:31]} 28. Rxb1 {[%clk 0:25:47]} Rxb1+
{[%clk 1:13:51]} 29. Qxb1 {[%clk 0:26:13]} Qxc4 {[%clk 1:14:12]} 30. Bf4
{[%clk 0:25:44]} Qb4 {[%clk 1:08:42]} 31. Qxb4 {[%clk 0:21:16]} cxb4
{[%clk 1:09:05]} 32. Kg1 {[%clk 0:20:00]} Kf7 {[%clk 1:09:07]} 33. Kf2
{[%clk 0:19:38]} Ke7 {[%clk 1:04:12]} 34. Ke2 {[%clk 0:19:41]} Nc7
{[%clk 1:04:18]} 35. Kd3 {[%clk 0:19:48]} f5 {[%clk 1:04:10]} 36. Bg5+
{[%clk 0:14:53]} Kd7 {[%clk 1:04:31]} 37. exf5 {[%clk 0:13:35]} Nxd5
{[%clk 1:04:47]} 38. Kc4 {[%clk 0:13:05]} Kc6 {[%clk 1:05:09]} 39. g4
{[%clk 0:12:59]} a5 {[%clk 1:05:15]} 40. Bd2 {[%clk 0:09:03]} Nf6
{[%clk 1:02:40]} 41. g5 {[%clk 0:07:31]} Ne4 {[%clk 1:02:42]} 42. Be3
{[%clk 0:03:18]} d5+ {[%clk 1:02:40]} 43. Kd3 {[%clk 0:01:40]} Ng3
{[%clk 0:56:34]} 44. f6 {[%clk 0:01:44]} gxf6 {[%clk 0:56:55]} 45. gxf6
{[%clk 0:02:05]} Kd7 {[%clk 0:57:11]} 46. Bb6 {[%clk 0:24:49]} a4
{[%clk 1:21:16]} 47. f7 {[%clk 0:22:42]} Ke7 {[%clk 1:21:23]} 48. Bc5+
{[%clk 0:21:46]} Kxf7 {[%clk 1:21:46]} 49. Bxb4 {[%clk 0:22:11]} Ke6
{[%clk 1:21:47]} 50. Be1 {[%clk 0:19:22]} Ne4 {[%clk 1:20:51]} 51. Kd4
{[%clk 0:19:34]} Kd6 {[%clk 1:20:32]} 52. Bb4+ {[%clk 0:19:52]} Kc6
{[%clk 1:20:43]} 53. Be1 {[%clk 0:19:53]} Nd6 {[%clk 1:12:33]} 54. Ke5
{[%clk 0:13:54]} Nc4+ {[%clk 1:12:36]} 55. Kd4 {[%clk 0:10:53]} Na3
{[%clk 1:09:57]} 56. Ke5 {[%clk 0:09:27]} Kc5 {[%clk 1:09:30]} 57. h5
{[%clk 0:08:56]} Nc2 {[%clk 1:09:21]} 58. Bd2 {[%clk 0:07:36]} d4
{[%clk 1:08:55]} 59. Kf6 {[%clk 0:05:44]} Kc4 {[%clk 1:08:33]} 60. Kg7
{[%clk 0:06:03]} Ne3 {[%clk 1:08:14]} 61. Kxh7 {[%clk 0:06:05]} Kd3
{[%clk 1:08:28]} 62. Ba5 {[%clk 0:05:44]} Kc2 {[%clk 1:08:35]} 63. Kg6
{[%clk 0:05:08]} Ng4 {[%clk 1:08:47]} 64. Kg5 {[%clk 0:05:19]} Ne5
{[%clk 1:09:11]} 65. Kf6 {[%clk 0:05:09]} Ng4+ {[%clk 1:08:08]} 66. Kg5
{[%clk 0:05:34]} Ne5 {[%clk 1:08:10]} 67. Kf6 {[%clk 0:05:58]} Ng4+
{[%clk 1:08:13]} 1/2-1/2

[Event "escc2023_50"]
[Site "?"]
[Date "2023.06.01"]
[Round "7.20"]
[White "Dieu, Bruno"]
[Black "Llopis De Aysa, Manuel"]
[Result "1-0"]
[BlackElo "2018"]
[WhiteElo "2251"]
[LiveChessVersion "1.4.8"]

1. e4 {[%clk 1:30:57]} g6 {[%clk 1:30:46]} 2. d4 {[%clk 1:31:21]} Bg7
{[%clk 1:31:11]} 3. Nc3 {[%clk 1:31:11]} c6 {[%clk 1:31:34]} 4. Be3
{[%clk 1:29:11]} d5 {[%clk 1:31:53]} 5. f3 {[%clk 1:28:08]} Qb6 {[%clk 1:32:10]}
6. Qd2 {[%clk 1:27:44]} Qxb2 {[%clk 1:32:29]} 7. Rb1 {[%clk 1:28:05]} Qa3
{[%clk 1:32:50]} 8. exd5 {[%clk 1:27:48]} Nf6 {[%clk 1:33:07]} 9. dxc6
{[%clk 1:27:07]} bxc6 {[%clk 1:33:11]} 10. Bc4 {[%clk 1:22:07]} Ba6
{[%clk 1:19:08]} 11. Qd3 {[%clk 1:19:53]} Bxc4 {[%clk 1:10:03]} 12. Qxc4
{[%clk 1:20:17]} O-O {[%clk 1:10:06]} 13. Nge2 {[%clk 1:19:13]} Qa6
{[%clk 1:05:43]} 14. Qxa6 {[%clk 1:09:52]} Nxa6 {[%clk 1:06:11]} 15. Rb7
{[%clk 1:09:16]} Rfb8 {[%clk 0:59:04]} 16. Rxb8+ {[%clk 1:06:16]} Rxb8
{[%clk 0:59:31]} 17. Bf4 {[%clk 1:05:21]} Rb2 {[%clk 0:55:22]} 18. Kd1
{[%clk 1:01:00]} Nd5 {[%clk 0:50:47]} 19. Kc1 {[%clk 0:59:59]} Nxc3
{[%clk 0:47:16]} 20. Nxc3 {[%clk 1:00:05]} Rb4 {[%clk 0:47:17]} 21. Ne2
{[%clk 1:00:05]} Ra4 {[%clk 0:39:54]} 22. a3 {[%clk 0:50:01]} Bxd4
{[%clk 0:29:40]} 23. Nxd4 {[%clk 0:46:30]} Rxd4 {[%clk 0:30:08]} 24. Be3
{[%clk 0:46:50]} Rd7 {[%clk 0:12:41]} 25. Rd1 {[%clk 0:45:50]} Rc7
{[%clk 0:12:56]} 26. Rd8+ {[%clk 0:45:52]} Kg7 {[%clk 0:13:25]} 27. Ra8
{[%clk 0:46:11]} c5 {[%clk 0:13:15]} 28. Bf4 {[%clk 0:42:37]} Rb7
{[%clk 0:13:30]} 29. Rc8 {[%clk 0:42:52]} f6 {[%clk 0:12:55]} 30. Be3
{[%clk 0:43:18]} Kf7 {[%clk 0:08:33]} 31. Bxc5 {[%clk 0:43:08]} Nxc5
{[%clk 0:08:14]} 32. Rxc5 {[%clk 0:43:31]} Ke6 {[%clk 0:05:02]} 33. Kd2
{[%clk 0:40:28]} Kd6 {[%clk 0:05:21]} 34. Rc4 {[%clk 0:38:49]} Kd5
{[%clk 0:04:17]} 35. Kd3 {[%clk 0:37:34]} e5 {[%clk 0:04:08]} 36. Ra4
{[%clk 0:31:45]} Re7 {[%clk 0:03:32]} 37. Ra5+ {[%clk 0:30:39]} Kc6
{[%clk 0:03:51]} 38. Ra6+ {[%clk 0:30:59]} Kb5 {[%clk 0:02:33]} 39. Rxf6
{[%clk 0:31:23]} Ka4 {[%clk 0:02:55]} 40. Ra6+ {[%clk 0:30:31]} Kb5
{[%clk 0:03:19]} 41. Rd6 {[%clk 0:30:43]} Ka4 {[%clk 0:29:51]} 42. Rd5
{[%clk 0:56:47]} Kxa3 {[%clk 0:27:16]} 43. c4 {[%clk 0:57:09]} Kb4
{[%clk 0:23:35]} 44. Rb5+ {[%clk 0:56:54]} Ka4 {[%clk 0:24:03]} 45. Rb1
{[%clk 0:55:18]} Rc7 {[%clk 0:13:08]} 46. Kc3 {[%clk 0:51:40]} Ka5
{[%clk 0:13:37]} 47. Rb5+ {[%clk 0:51:45]} Ka6 {[%clk 0:14:06]} 48. Rxe5
{[%clk 0:51:57]} Kb6 {[%clk 0:14:21]} 49. Kb4 {[%clk 0:52:06]} Rd7
{[%clk 0:12:40]} 50. Re6+ {[%clk 0:52:35]} Kb7 {[%clk 0:09:56]} 51. Kb5
{[%clk 0:52:47]} a6+ {[%clk 0:10:10]} 52. Rxa6 {[%clk 0:52:28]} Rd2
{[%clk 0:10:36]} 53. Rf6 {[%clk 0:52:52]} Rb2+ {[%clk 0:10:39]} 54. Kc5
{[%clk 0:53:18]} Rxg2 {[%clk 0:10:58]} 55. Rf7+ {[%clk 0:53:38]} Ka6
{[%clk 0:11:18]} 56. Rxh7 {[%clk 0:53:32]} Rf2 {[%clk 0:10:33]} 57. Rf7
{[%clk 0:53:05]} g5 {[%clk 0:09:19]} 58. Rf5 {[%clk 0:52:19]} Rg2
{[%clk 0:09:27]} 59. Rf6+ {[%clk 0:50:24]} Kb7 {[%clk 0:09:38]} 60. Rg6
{[%clk 0:48:09]} Rf2 {[%clk 0:08:23]} 61. Rxg5 {[%clk 0:47:39]} Rxf3
{[%clk 0:08:50]} 62. h4 {[%clk 0:47:56]} Rh3 {[%clk 0:05:20]} 63. h5
{[%clk 0:46:42]} Kc7 {[%clk 0:05:37]} 64. Rg7+ {[%clk 0:47:06]} Kd8
{[%clk 0:05:52]} 65. Rh7 {[%clk 0:47:32]} Rh4 {[%clk 0:04:12]} 66. Kd5
{[%clk 0:47:42]} 1-0

[Event "escc2023_50"]
[Site "?"]
[Date "2023.06.01"]
[Round "7.21"]
[White "Vehi Bach, Victor Manuel"]
[Black "Verdier, Patrice"]
[Result "1/2-1/2"]
[BlackElo "2014"]
[WhiteElo "2236"]
[LiveChessVersion "1.4.8"]

1. e4 {[%clk 1:30:57]} c6 {[%clk 1:30:44]} 2. d4 {[%clk 1:31:21]} d5
{[%clk 1:31:10]} 3. e5 {[%clk 1:31:43]} a6 {[%clk 1:31:30]} 4. Bd3
{[%clk 1:28:45]} c5 {[%clk 1:31:51]} 5. dxc5 {[%clk 1:27:41]} Qc7
{[%clk 1:31:57]} 6. Nf3 {[%clk 1:21:56]} Bg4 {[%clk 1:31:46]} 7. Nbd2
{[%clk 1:15:58]} Nd7 {[%clk 1:23:15]} 8. Qe2 {[%clk 1:11:50]} Nxc5
{[%clk 1:18:47]} 9. h3 {[%clk 1:12:09]} Bxf3 {[%clk 1:11:09]} 10. Nxf3
{[%clk 1:12:29]} e6 {[%clk 1:09:55]} 11. O-O {[%clk 1:12:49]} Ne7
{[%clk 1:08:02]} 12. Be3 {[%clk 0:59:37]} Nxd3 {[%clk 1:08:04]} 13. cxd3
{[%clk 1:00:01]} Nc6 {[%clk 1:06:54]} 14. Rac1 {[%clk 0:58:54]} Qa5
{[%clk 1:01:08]} 15. a3 {[%clk 0:56:00]} h6 {[%clk 0:54:56]} 16. Rc2
{[%clk 0:52:56]} Be7 {[%clk 0:51:40]} 17. Rfc1 {[%clk 0:53:11]} O-O
{[%clk 0:49:42]} 18. Bc5 {[%clk 0:52:53]} Rac8 {[%clk 0:47:17]} 19. Rc3
{[%clk 0:43:05]} Qa4 {[%clk 0:40:07]} 20. Qd2 {[%clk 0:24:52]} Bxc5
{[%clk 0:30:52]} 21. Rxc5 {[%clk 0:23:24]} Rb8 {[%clk 0:31:15]} 22. d4
{[%clk 0:14:32]} Ne7 {[%clk 0:21:44]} 23. Qc2 {[%clk 0:12:40]} Qxc2
{[%clk 0:21:11]} 24. R1xc2 {[%clk 0:13:01]} Nc6 1/2-1/2

[Event "escc2023_50"]
[Site "?"]
[Date "2023.06.01"]
[Round "7.22"]
[White "Nelis, Jean-Francois"]
[Black "Dube, Dimitri"]
[Result "0-1"]
[BlackElo "1982"]
[WhiteElo "2094"]
[LiveChessVersion "1.4.8"]

1. e4 {[%clk 1:30:52]} Nf6 {[%clk 1:30:51]} 2. e5 {[%clk 1:31:00]} Nd5
{[%clk 1:30:40]} 3. d4 {[%clk 1:31:16]} d6 {[%clk 1:30:59]} 4. c4
{[%clk 1:30:53]} Nb6 {[%clk 1:31:21]} 5. exd6 {[%clk 1:31:03]} exd6
{[%clk 1:30:53]} 6. Bd3 {[%clk 1:28:17]} Nc6 {[%clk 1:30:26]} 7. Ne2
{[%clk 1:25:48]} Bg4 {[%clk 1:29:26]} 8. f3 {[%clk 1:22:24]} Bh5 {[%clk 1:29:48]}
9. O-O {[%clk 1:21:53]} Be7 {[%clk 1:21:50]} 10. d5 {[%clk 1:12:04]} Ne5
{[%clk 1:21:19]} 11. Nf4 {[%clk 1:12:12]} Bg6 {[%clk 1:17:54]} 12. Nxg6
{[%clk 1:12:08]} hxg6 {[%clk 1:18:03]} 13. Nc3 {[%clk 1:08:59]} Bf6
{[%clk 1:14:36]} 14. Qc2 {[%clk 0:53:01]} Nexc4 {[%clk 1:02:13]} 15. Nb5
{[%clk 0:36:48]} c6 {[%clk 0:53:18]} 16. Bxc4 {[%clk 0:36:54]} Nxc4
{[%clk 0:53:16]} 17. Re1+ {[%clk 0:30:07]} Kf8 {[%clk 0:52:03]} 18. Qxc4
{[%clk 0:30:02]} cxb5 {[%clk 0:40:15]} 19. Qxb5 {[%clk 0:28:55]} Be5
{[%clk 0:33:14]} 20. g3 {[%clk 0:25:52]} Rc8 {[%clk 0:20:30]} 21. Be3
{[%clk 0:25:11]} Rxh2 {[%clk 0:17:43]} 22. Bf2 {[%clk 0:11:19]} Rc2
{[%clk 0:14:32]} 23. Re2 {[%clk 0:09:38]} Rxe2 {[%clk 0:13:54]} 24. Qxe2
{[%clk 0:10:03]} Bxg3 {[%clk 0:14:01]} 0-1

[Event "escc2023_50"]
[Site "?"]
[Date "2023.06.01"]
[Round "7.23"]
[White "Hartmann, Wolfgang"]
[Black "Mileto, Gabriele"]
[Result "1/2-1/2"]
[BlackElo "2092"]
[WhiteElo "1944"]
[LiveChessVersion "1.4.8"]

1. c4 {[%clk 1:30:56]} Nf6 {[%clk 1:30:49]} 2. g3 {[%clk 1:31:10]} c5
{[%clk 1:31:03]} 3. Bg2 {[%clk 1:31:31]} g6 {[%clk 1:31:28]} 4. Nc3
{[%clk 1:31:53]} Bg7 {[%clk 1:31:51]} 5. e4 {[%clk 1:31:44]} Nc6 {[%clk 1:31:16]}
6. Nge2 {[%clk 1:31:58]} O-O {[%clk 1:31:08]} 7. O-O {[%clk 1:32:11]} d6
{[%clk 1:31:06]} 8. Rb1 {[%clk 1:28:56]} Rb8 {[%clk 1:26:22]} 9. a3 a5
{[%clk 1:17:20]} 10. d3 {[%clk 1:19:09]} Bd7 {[%clk 1:17:29]} 11. h3
{[%clk 1:19:25]} Ne8 {[%clk 1:16:10]} 12. Be3 {[%clk 1:13:23]} Nd4
{[%clk 1:14:15]} 13. Qd2 {[%clk 1:12:52]} Nc7 {[%clk 1:05:13]} 14. Nd5
{[%clk 0:49:30]} Nce6 {[%clk 0:46:02]} 15. b4 {[%clk 0:41:05]} axb4
{[%clk 0:43:01]} 16. axb4 {[%clk 0:40:51]} Nxe2+ {[%clk 0:42:35]} 17. Qxe2
{[%clk 0:41:15]} Nd4 {[%clk 0:42:51]} 18. Qd2 {[%clk 0:38:35]} e6
{[%clk 0:40:27]} 19. Nc3 {[%clk 0:34:20]} b6 {[%clk 0:33:43]} 20. Bh6
{[%clk 0:31:56]} Bxh6 {[%clk 0:29:45]} 21. Qxh6 {[%clk 0:32:19]} Qf6
{[%clk 0:30:12]} 22. Qd2 {[%clk 0:26:08]} Nf3+ {[%clk 0:28:25]} 23. Bxf3
{[%clk 0:26:16]} Qxf3 {[%clk 0:28:53]} 24. Qd1 {[%clk 0:16:07]} Qf6
{[%clk 0:23:43]} 25. Qd2 {[%clk 0:16:20]} Qf3 {[%clk 0:23:36]} 26. Qd1
{[%clk 0:16:36]} Qf6 {[%clk 0:23:48]} 27. Qd2 {[%clk 0:16:54]} Qf3
{[%clk 0:21:02]} 1/2-1/2

[Event "escc2023_50"]
[Site "?"]
[Date "2023.06.01"]
[Round "7.26"]
[White "Cmiel, Thorsten"]
[Black "Thoux, Claudio"]
[Result "1-0"]
[BlackElo "1896"]
[WhiteElo "2046"]
[LiveChessVersion "1.4.8"]

1. e4 {[%clk 1:30:50]} c5 {[%clk 1:30:57]} 2. Nf3 {[%clk 1:31:14]} Nc6
{[%clk 1:31:24]} 3. Bb5 {[%clk 1:30:22]} g6 {[%clk 1:31:43]} 4. O-O
{[%clk 1:29:44]} Bg7 {[%clk 1:32:10]} 5. Re1 {[%clk 1:30:06]} Nf6
{[%clk 1:32:36]} 6. c3 {[%clk 1:29:42]} O-O {[%clk 1:31:09]} 7. e5
{[%clk 1:27:17]} Nd5 {[%clk 1:31:27]} 8. d4 {[%clk 1:27:26]} Qb6 {[%clk 1:22:51]}
9. Bf1 {[%clk 1:21:54]} cxd4 {[%clk 1:19:01]} 10. cxd4 {[%clk 1:22:16]} d6
{[%clk 1:04:46]} 11. Nc3 {[%clk 1:20:12]} Nxc3 {[%clk 1:01:06]} 12. bxc3
{[%clk 1:20:40]} dxe5 {[%clk 0:56:02]} 13. Nxe5 {[%clk 1:19:13]} Nxe5
{[%clk 0:54:55]} 14. dxe5 {[%clk 1:19:41]} Be6 {[%clk 0:53:29]} 15. Be3
{[%clk 1:17:31]} Qa5 {[%clk 0:53:54]} 16. Bd4 {[%clk 1:17:56]} Rfd8
{[%clk 0:49:00]} 17. Qb1 {[%clk 1:12:40]} Rd7 {[%clk 0:44:42]} 18. a4
{[%clk 1:10:10]} Qd8 {[%clk 0:32:49]} 19. a5 {[%clk 1:07:22]} Bd5
{[%clk 0:30:48]} 20. Bb5 {[%clk 0:57:37]} Rc7 {[%clk 0:22:31]} 21. Rd1
{[%clk 0:53:10]} Qc8 {[%clk 0:23:01]} 22. Qd3 {[%clk 0:50:16]} e6
{[%clk 0:17:56]} 23. Qe3 {[%clk 0:50:21]} a6 {[%clk 0:15:48]} 24. Bf1
{[%clk 0:50:08]} Bf8 {[%clk 0:14:34]} 25. h4 {[%clk 0:48:43]} Bc5
{[%clk 0:12:28]} 26. h5 {[%clk 0:48:29]} Qf8 {[%clk 0:11:44]} 27. c4
{[%clk 0:45:21]} Bxd4 {[%clk 0:11:42]} 28. Rxd4 {[%clk 0:45:40]} Bc6
{[%clk 0:11:39]} 29. Rad1 {[%clk 0:44:43]} Rcc8 {[%clk 0:09:03]} 30. Qg5
{[%clk 0:37:00]} Re8 {[%clk 0:09:32]} 31. Rd6 {[%clk 0:36:40]} Qe7
{[%clk 0:09:10]} 32. Qe3 {[%clk 0:29:59]} Qh4 {[%clk 0:08:31]} 33. hxg6
{[%clk 0:30:00]} hxg6 {[%clk 0:08:13]} 34. R1d4 {[%clk 0:30:12]} Qh7
{[%clk 0:06:49]} 35. Qg5 {[%clk 0:29:48]} Qg7 {[%clk 0:05:05]} 36. Rh4
{[%clk 0:23:34]} Rac8 {[%clk 0:05:05]} 37. Rd3 {[%clk 0:23:41]} Ba4
{[%clk 0:01:41]} 38. Rdh3 {[%clk 0:20:20]} Rc5 {[%clk 0:01:46]} 39. Qf6
{[%clk 0:20:24]} Qxf6 {[%clk 0:01:23]} 40. exf6 {[%clk 0:20:47]} Rh5
{[%clk 0:01:52]} 41. Rxh5 {[%clk 0:21:07]} gxh5 {[%clk 0:02:19]} 42. Rxh5
{[%clk 0:16:52]} Rd8 {[%clk 0:25:23]} 43. f4 {[%clk 0:44:22]} Rd4
{[%clk 0:23:20]} 44. g3 {[%clk 0:44:30]} Rd2 {[%clk 0:23:45]} 45. Rg5+
{[%clk 0:43:20]} Kf8 {[%clk 0:24:07]} 46. Bg2 {[%clk 0:43:36]} Rb2
{[%clk 0:17:49]} 47. Rc5 {[%clk 0:42:49]} Rxg2+ {[%clk 0:09:28]} 48. Kxg2
{[%clk 0:42:53]} Bc6+ {[%clk 0:09:57]} 49. Kh3 {[%clk 0:41:25]} Kg8
{[%clk 0:10:04]} 50. Kh4 {[%clk 0:41:42]} Kh7 {[%clk 0:10:33]} 51. Rg5
{[%clk 0:41:27]} Be8 {[%clk 0:10:07]} 52. Rg7+ 1-0

[Event "escc2023_50"]
[Site "?"]
[Date "2023.06.01"]
[Round "7.27"]
[White "Fink-Nunn, Petra"]
[Black "Ceccarini, Marco"]
[Result "1-0"]
[BlackElo "2027"]
[WhiteElo "1970"]
[LiveChessVersion "1.4.8"]

1. e4 {[%clk 1:30:57]} e5 {[%clk 1:30:32]} 2. Nf3 {[%clk 1:31:20]} Nc6
{[%clk 1:30:56]} 3. Bb5 {[%clk 1:31:42]} a6 {[%clk 1:30:44]} 4. Ba4
{[%clk 1:32:04]} Nf6 {[%clk 1:30:36]} 5. d3 {[%clk 1:32:20]} d6 {[%clk 1:30:01]}
6. c3 {[%clk 1:32:17]} g6 {[%clk 1:28:50]} 7. O-O {[%clk 1:31:45]} Bg7
{[%clk 1:28:02]} 8. Re1 {[%clk 1:31:13]} O-O {[%clk 1:27:53]} 9. Nbd2
{[%clk 1:24:50]} Nh5 {[%clk 1:09:19]} 10. Nf1 {[%clk 1:19:48]} f5
{[%clk 0:54:54]} 11. exf5 {[%clk 1:09:55]} Bxf5 {[%clk 0:50:16]} 12. Bg5
{[%clk 0:55:47]} Qd7 {[%clk 0:44:48]} 13. Qb3+ {[%clk 0:47:30]} Be6
{[%clk 0:43:50]} 14. Qxb7 {[%clk 0:42:35]} Bd5 {[%clk 0:36:37]} 15. Bb3
{[%clk 0:41:43]} Bxb3 {[%clk 0:35:23]} 16. Qxb3+ {[%clk 0:41:49]} Kh8
{[%clk 0:35:31]} 17. Ng3 {[%clk 0:37:25]} Nf4 {[%clk 0:32:48]} 18. Bxf4
{[%clk 0:36:39]} Rxf4 {[%clk 0:31:56]} 19. Re4 {[%clk 0:34:08]} Rff8
{[%clk 0:22:28]} 20. c4 {[%clk 0:26:21]} Rxf3 {[%clk 0:14:03]} 21. gxf3
{[%clk 0:26:48]} Nd4 {[%clk 0:14:26]} 22. Qd1 {[%clk 0:26:31]} Qh3
{[%clk 0:13:34]} 23. Rxd4 {[%clk 0:22:40]} exd4 {[%clk 0:13:58]} 24. Qe2
{[%clk 0:22:48]} Rf8 {[%clk 0:10:16]} 25. Qe4 {[%clk 0:20:09]} Be5
{[%clk 0:07:47]} 26. Qg4 {[%clk 0:19:52]} Qh6 {[%clk 0:07:15]} 27. Rd1
{[%clk 0:15:28]} Qg7 {[%clk 0:06:50]} 28. Ne2 {[%clk 0:14:45]} h5
{[%clk 0:06:50]} 29. Qe4 {[%clk 0:14:16]} Qf6 {[%clk 0:05:36]} 30. f4
{[%clk 0:08:01]} Bxf4 {[%clk 0:05:48]} 31. Nxf4 {[%clk 0:07:59]} Qxf4
{[%clk 0:06:17]} 32. Qxf4 {[%clk 0:08:18]} Rxf4 {[%clk 0:06:47]} 33. Kg2
{[%clk 0:08:12]} Kg7 {[%clk 0:06:27]} 34. Re1 {[%clk 0:08:32]} Kf7
{[%clk 0:06:32]} 35. Re4 {[%clk 0:08:43]} Rxe4 {[%clk 0:05:31]} 36. dxe4
{[%clk 0:09:11]} g5 {[%clk 0:04:46]} 37. b4 {[%clk 0:07:58]} Kf6 {[%clk 0:02:36]}
38. a4 {[%clk 0:05:21]} c6 {[%clk 0:01:38]} 39. a5 {[%clk 0:03:32]} Ke6
{[%clk 0:01:51]} 40. b5 {[%clk 0:03:54]} Kd7 {[%clk 0:00:59]} 41. bxa6
{[%clk 0:26:46]} Kc7 {[%clk 0:31:09]} 42. c5 {[%clk 0:27:07]} dxc5
{[%clk 0:31:04]} 43. e5 {[%clk 0:27:28]} c4 {[%clk 0:30:28]} 44. Kf1
{[%clk 0:26:30]} c3 {[%clk 0:29:23]} 45. Ke2 {[%clk 0:26:43]} c5 {[%clk 0:29:40]}
46. a7 {[%clk 0:23:02]} Kb7 {[%clk 0:30:08]} 47. a8=Q+ {[%clk 0:23:25]} Kxa8
{[%clk 0:30:35]} 1-0

[Event "escc2023_50"]
[Site "?"]
[Date "2023.06.01"]
[Round "7.28"]
[White "Cristiani, Cesare"]
[Black "Genovese, Alberto"]
[Result "1/2-1/2"]
[BlackElo "1921"]
[WhiteElo "2025"]
[LiveChessVersion "1.4.8"]

1. d4 {[%clk 1:30:56]} Nf6 {[%clk 1:30:53]} 2. c4 {[%clk 1:31:18]} e6
{[%clk 1:31:07]} 3. Nf3 {[%clk 1:31:33]} d5 {[%clk 1:31:10]} 4. g3
{[%clk 1:31:50]} c6 {[%clk 1:28:52]} 5. Qc2 {[%clk 1:32:02]} Bb4+
{[%clk 1:26:27]} 6. Bd2 {[%clk 1:32:18]} Bxd2+ {[%clk 1:25:29]} 7. Nbxd2
{[%clk 1:32:31]} O-O {[%clk 1:24:45]} 8. Bg2 {[%clk 1:32:27]} Nbd7
{[%clk 1:20:21]} 9. O-O {[%clk 1:30:38]} Qe7 {[%clk 1:16:27]} 10. Rfe1
{[%clk 1:23:13]} b6 {[%clk 1:01:28]} 11. e4 {[%clk 1:20:37]} dxe4
{[%clk 1:00:19]} 12. Nxe4 {[%clk 1:20:58]} Bb7 {[%clk 0:59:04]} 13. Nxf6+
{[%clk 1:14:10]} Nxf6 {[%clk 0:55:34]} 14. Rad1 {[%clk 1:14:05]} Rac8
{[%clk 0:53:23]} 15. Qa4 {[%clk 1:09:45]} a6 {[%clk 0:45:49]} 16. Ne5
{[%clk 1:09:21]} b5 {[%clk 0:45:36]} 17. Qc2 {[%clk 1:05:58]} Qc7
{[%clk 0:37:05]} 18. b4 {[%clk 0:56:29]} Rfd8 {[%clk 0:31:29]} 19. c5
{[%clk 0:55:44]} Nd5 {[%clk 0:30:53]} 20. a3 {[%clk 0:55:48]} a5 {[%clk 0:31:16]}
21. Nd3 {[%clk 0:52:53]} Ra8 {[%clk 0:31:24]} 22. Bxd5 {[%clk 0:52:37]} Rxd5
{[%clk 0:31:51]} 23. Nf4 {[%clk 0:52:35]} Rdd8 {[%clk 0:29:05]} 24. h4
{[%clk 0:50:19]} axb4 {[%clk 0:28:35]} 25. axb4 {[%clk 0:46:39]} Ra4
{[%clk 0:29:03]} 26. Qc3 {[%clk 0:44:48]} Qe7 {[%clk 0:21:24]} 27. d5
{[%clk 0:32:11]} cxd5 {[%clk 0:17:11]} 28. c6 {[%clk 0:32:18]} d4
{[%clk 0:16:39]} 29. Rxd4 {[%clk 0:32:28]} Rxd4 {[%clk 0:16:06]} 30. cxb7
{[%clk 0:31:08]} Rd8 {[%clk 0:15:30]} 31. Qc8 {[%clk 0:31:17]} Qe8
{[%clk 0:15:14]} 32. Rc1 {[%clk 0:28:15]} Ra1 {[%clk 0:15:37]} 33. Kh2
{[%clk 0:25:20]} Rxc1 {[%clk 0:15:47]} 34. Qxc1 {[%clk 0:25:43]} Qd7
{[%clk 0:16:00]} 35. Nh5 {[%clk 0:25:23]} f6 {[%clk 0:14:14]} 36. Qe3
{[%clk 0:25:23]} Qxb7 {[%clk 0:14:07]} 37. Qxe6+ {[%clk 0:25:31]} Qf7
{[%clk 0:14:08]} 38. Qb6 {[%clk 0:25:53]} Qe8 {[%clk 0:13:52]} 39. Nf4
{[%clk 0:25:22]} Rb8 {[%clk 0:08:17]} 40. Qc7 {[%clk 0:20:53]} Qe5
{[%clk 0:07:32]} 41. Qa7 {[%clk 0:15:57]} Rf8 {[%clk 0:06:53]} 42. Qd7
{[%clk 0:12:34]} Qe8 {[%clk 0:00:33]} 43. Qd5+ {[%clk 0:12:44]} Kh8
{[%clk 0:30:28]} 44. Qd6 {[%clk 0:42:40]} Rf7 {[%clk 0:29:12]} 45. Qc5
{[%clk 0:42:46]} Re7 {[%clk 0:28:40]} 46. h5 {[%clk 0:41:44]} Re5
{[%clk 0:28:06]} 47. Qd6 Rxh5+ {[%clk 0:22:15]} 1/2-1/2